Методологические подходы определения причинно-следственных связей, обусловливающих свойства углей. 2. Геохимические обстановки торфяников и микроэлементы углей; Кокс и химия; № 6
| Parent link: | Кокс и химия: научно-технический и производственный журнал.— , 1931- № 6.— 2010.— [С. 2-5] |
|---|---|
| Päätekijä: | |
| Yhteenveto: | Заглавие с экрана На основе геохимического способа определены ассоциативные ряды изотопов C, O, N по микроэлементам-индикаторам и показана их связь с содержанием витринита и различными видами восстановленности в кузнецких углях. Режим доступа: по договору с организацией-держателем ресурса |
| Kieli: | venäjä |
| Julkaistu: |
2010
|
| Aiheet: | |
| Linkit: | http://elibrary.ru/item.asp?id=15578857 |
| Aineistotyyppi: | Elektroninen Kirjan osa |
| KOHA link: | https://koha.lib.tpu.ru/cgi-bin/koha/opac-detail.pl?biblionumber=640584 |
MARC
| LEADER | 00000naa0a2200000 4500 | ||
|---|---|---|---|
| 001 | 640584 | ||
| 005 | 20250305154812.0 | ||
| 035 | |a (RuTPU)RU\TPU\network\5144 | ||
| 035 | |a RU\TPU\network\5143 | ||
| 090 | |a 640584 | ||
| 100 | |a 20150421d2010 k||y0rusy50 ca | ||
| 101 | 0 | |a rus | |
| 102 | |a RU | ||
| 135 | |a drcn ---uucaa | ||
| 181 | 0 | |a i | |
| 182 | 0 | |a b | |
| 200 | 1 | |a Методологические подходы определения причинно-следственных связей, обусловливающих свойства углей. 2. Геохимические обстановки торфяников и микроэлементы углей |d Determining the cause-and-effect relationships responsible for coal properties 2. Geochemical condition of peat bog and microelements of coal. |f В. П. Иванов | |
| 203 | |a Текст |c электронный | ||
| 300 | |a Заглавие с экрана | ||
| 320 | |a [Библиогр.: с. 5 (4 назв.)] | ||
| 330 | |a На основе геохимического способа определены ассоциативные ряды изотопов C, O, N по микроэлементам-индикаторам и показана их связь с содержанием витринита и различными видами восстановленности в кузнецких углях. | ||
| 333 | |a Режим доступа: по договору с организацией-держателем ресурса | ||
| 461 | |t Кокс и химия |o научно-технический и производственный журнал |d 1931- | ||
| 463 | |t № 6 |v [С. 2-5] |d 2010 | ||
| 510 | 1 | |a Determining the cause-and-effect relationships responsible for coal properties 2. Geochemical condition of peat bog and microelements of coal. |z eng | |
| 610 | 1 | |a электронный ресурс | |
| 610 | 1 | |a труды учёных ТПУ | |
| 610 | 1 | |a геохимическая обстановка | |
| 610 | 1 | |a микроэлементы-индикаторы | |
| 610 | 1 | |a окислительно-восстановительные реакции | |
| 610 | 1 | |a витринит | |
| 610 | 1 | |a восстановленность | |
| 610 | 1 | |a уголь | |
| 700 | 1 | |a Иванов |b В. П. |c геолог |c доцент Томского политехнического университета, доктор геолого-минералогических наук |f 1953- |g Владимир Петрович |3 (RuTPU)RU\TPU\pers\31577 |9 15737 | |
| 801 | 2 | |a RU |b 63413507 |c 20181214 |g RCR | |
| 856 | 4 | |u http://elibrary.ru/item.asp?id=15578857 | |
| 942 | |c CF | ||